| 000 | 00640nam a22002057a 4500 | ||
|---|---|---|---|
| 001 | 000007758 | ||
| 005 | 20200929154305.0 | ||
| 008 | 890809s1989 sp 000 0 spa | ||
| 010 | _a 89871411 | ||
| 020 | _a8401807301 | ||
| 040 |
_aDO-SdBNP _cDLC _dDLC |
||
| 082 |
_a863.64 _bV999r |
||
| 100 | 1 |
_aVázquez Rial, Horacio, _d1947- _921448 |
|
| 245 | 1 | 3 |
_aLa reina de oros : _bsoap-opera / _cHoracio Vázquez Rial. |
| 260 |
_aEsplugues de Llobregat, Barcelona : _bPlaza & Janés, _c1989. |
||
| 300 |
_a192 p. ; _c23 cm. |
||
| 650 | 4 |
_aNovela española _91123 |
|
| 650 | 4 |
_aLiteratura española _9632 |
|
| 910 | _aCatalogación por copia / LC | ||
| 999 |
_c7536 _d7536 |
||